Исследование заинтересованности русской молодежи в изучении японского языка и культуры; Коммуникативные аспекты языка и культуры; Ч. 1
| Parent link: | Коммуникативные аспекты языка и культуры: сборник материалов XII Международной научно-практической конференции студентов и молодых ученых, г. Томск, 16-18 мая 2012 г./ Национальный исследовательский Томский политехнический университет (ТПУ), Институт международного образования и языковой коммуникации (ИМОЯК) ; под ред. С. А. Песоцкой.— , 2012 Ч. 1.— 2012.— [С. 100-102] |
|---|---|
| Auteur principal: | |
| Autres auteurs: | |
| Résumé: | Заглавие с титульного листа. Электронная версия печатной публикации. |
| Langue: | russe |
| Publié: |
2012
|
| Collection: | Внутрикультурная коммуникация в эпоху информационного общества: социально-философский и образовательный аспекты |
| Sujets: | |
| Accès en ligne: | http://www.lib.tpu.ru/fulltext/c/2012/C77/V1/021.pdf |
| Format: | MixedMaterials Électronique Chapitre de livre |
| KOHA link: | https://koha.lib.tpu.ru/cgi-bin/koha/opac-detail.pl?biblionumber=607949 |
MARC
| LEADER | 00000naa2a2200000 4500 | ||
|---|---|---|---|
| 001 | 607949 | ||
| 005 | 20260316142519.0 | ||
| 035 | |a (RuTPU)RU\TPU\conf\5355 | ||
| 035 | |a RU\TPU\conf\5353 | ||
| 090 | |a 607949 | ||
| 100 | |a 20140906d2012 k y0rusy50 ca | ||
| 101 | 0 | |a rus | |
| 102 | |a RU | ||
| 135 | |a drcn ---uucaa | ||
| 181 | 0 | |a i | |
| 182 | 0 | |a b | |
| 200 | 1 | |a Исследование заинтересованности русской молодежи в изучении японского языка и культуры |f Е. Е. Иванчеко |g науч. рук. О. Н. Григоренко | |
| 203 | |a Текст |c электронный | ||
| 215 | |a 1 файл (105 Кб) | ||
| 225 | 1 | |a Внутрикультурная коммуникация в эпоху информационного общества: социально-философский и образовательный аспекты | |
| 300 | |a Заглавие с титульного листа. | ||
| 300 | |a Электронная версия печатной публикации. | ||
| 320 | |a [Библиогр.: с. 102 (3 назв.)] | ||
| 337 | |a Adobe Reader | ||
| 461 | 1 | |0 (RuTPU)RU\TPU\conf\4597 |t Коммуникативные аспекты языка и культуры |o сборник материалов XII Международной научно-практической конференции студентов и молодых ученых, г. Томск, 16-18 мая 2012 г. |o в 3 ч. |f Национальный исследовательский Томский политехнический университет (ТПУ), Институт международного образования и языковой коммуникации (ИМОЯК) ; под ред. С. А. Песоцкой |d 2012 | |
| 463 | 0 | |0 (RuTPU)RU\TPU\conf\4599 |t Ч. 1 |v [С. 100-102] |d 2012 | |
| 610 | 1 | |a электронный ресурс | |
| 610 | 1 | |a русская молодежь | |
| 610 | 1 | |a японский язык | |
| 610 | 1 | |a японская культура | |
| 610 | 1 | |a изучение | |
| 610 | 1 | |a иностранные языки | |
| 610 | 1 | |a Япония | |
| 700 | 1 | |a Иванчеко |b Е. Е. | |
| 702 | 1 | |a Григоренко |b О. Н. |4 727 | |
| 801 | 1 | |a RU |b 63413507 |c 20140902 | |
| 801 | 2 | |a RU |b 63413507 |c 20160122 |g RCR | |
| 856 | 4 | |u http://www.lib.tpu.ru/fulltext/c/2012/C77/V1/021.pdf | |
| 942 | |c BK | ||